LDR 00684naa#a2200169#i#450# 001 EN\\bibl\117234 005 20260703014607.5 011 ## _a2227-1171 100 ## _a20260630b2026####ek#y0engy0150####ca 102 ## _aRU 200 1# _aCLASSIFICATION OF ERRORS BY THE PARTIES SUBJECTS OF PROSECUTION AND DEFENSE IN CRIMINAL PROCEEDINGS _eJournal article 210 1# _aKazan _cKazan law institute Ministry of Internal Affairs Russian Federation _d2026 215 ## _a10 с. 608 ## _aJournal article _2local 675 ## _aУголовное судопроизводство. Уголовно-процессуальное право. 343.1 _z 700 #1 _aShinkevich _gDmitriy Valer'evich 856 4# _avestnikkui.ru _u